Les meilleurs pilotes de F1 entre 1950 et 1959 - Statistiques

Statistiques générales
  • Ce quiz a été pris 19 fois
  • Le résultat moyen est 6 sur 10
Statistiques - réponses
Rang Saisons Pilote Points % Correct
5 5 Alberto ASCARI 107,64
100%
1 8 Juan Manuel FANGIO 245
100%
3 6 Giussepe FARINA 155,33
88%
4 6 Mike HAWTHORN 112,64
75%
2 6 Stirling MOSS 145,64
69%
7 7 Maurice TRINTIGNANT 70,33
44%
6 6 Jose Froilan GONZALEZ 72,14
31%
8 3 Tony BROOKS 62
31%
10 3 Peter COLLINS 47
25%
9 7 Jean BEHRA 51,14
19%
Aucun quiz correspondant
Distribution des résultats
% des personnes avec chaque résultat
Percentile par nombre de réponses
Votre historique - résultats
Vous n’avez pas pris ce quiz